Fast Type A-Z in Order - Statistics

General Stats
  • This quiz has been taken 681 times
  • The average score is 23 of 26
Answer Stats
Hint Answer % Correct
1 A
100%
2 B
99%
3 C
98%
4 D
96%
5 E
95%
6 F
95%
7 G
94%
8 H
94%
9 I
94%
10 J
93%
11 K
91%
12 L
91%
13 M
91%
14 N
89%
15 O
89%
16 P
89%
17 Q
88%
18 R
88%
19 S
88%
20 T
87%
21 U
87%
22 V
86%
23 W
84%
24 X
82%
25 Y
81%
26 Z
80%
No matching quizzes found
Score Distribution
Percent of People with Each Score
Percentile by Number Answered
Your Score History
You have not taken this quiz